Normal view
MARC view
Entry Nombre personal
001 - NÚMERO DE CONTROL
- campo de control: 7946
003 - IDENTIFICADOR DEL NÚMERO DE CONTROL
- campo de control: BNPHU
005 - FECHA Y HORA DE LA ÚLTIMA TRANSACCIÓN
- campo de control: 20250129121827.0
008 - DATOS DE LONGITUD FIJA
- campo de control de longitud fija: 200615|| aca||aabn | a|a d
040 ## - FUENTE DE LA CATALOGACIÓN
- Centro catalogador/agencia de origen: DO-SdBNP
- Lengua de catalogación: spa
- Centro/agencia transcriptor: BNPHu
- Normas de descripción: rda
100 1# - ENCABEZAMIENTO-NOMBRE DE PERSONA
- Nombre de persona: Gatón Arce, Freddy,
- Fechas asociadas al nombre: 1920-1994
370 ## - LUGAR ASOCIADO
- Lugar de nacimiento: San Pedro de Macorís (República Dominicana)
375 ## - GÉNERO/SEXO
- Género/Sexo: Masculino
377 ## - LENGUA/LENGUAJE ASOCIADO
- Código del idioma: spa
- Término de lengua/lenguaje: Español
400 1# - TRAZADO DE VÉASE--NOMBRE DE PERSONA
- Nombre de persona: Arce, Freddy Gatón,
- Fechas asociadas al nombre: 1920-1994
670 ## - FUENTE DE DATOS ENCONTRADOS
- Cita de la fuente: Work cat.: (OSt)2366: Gatón Arce, Freddy, 1920-1994, El poniente :, 1982.
670 ## - FUENTE DE DATOS ENCONTRADOS
- Cita de la fuente: Vlía, 1944.
670 ## - FUENTE DE DATOS ENCONTRADOS
- Cita de la fuente: Tres miradas al Sur, 2017
